Sports Quiz

Random Sports or Basketball Quiz

Basketball at the Olympics Quiz Stats

 Plays Quiz Updated May 14, 2019

Score 0/27 Timer 03:00
2 Plays Today
Medal Team % Correct
MenUnited States
99.9%
WomenUnited States
99.9%
MenSpain
93.3%
WomenRussia
88.4%
MenFrance
86.2%
WomenSpain
86.2%
MenArgentina
85%
MenBrazil
84.6%
WomenBrazil
84.6%
WomenChina
84.2%
MenCanada
82.6%
WomenAustralia
72.8%
MenItaly
71.6%
MenSoviet Union
70.5%
Medal Team % Correct
WomenSoviet Union
70.3%
MenMexico
68.9%
MenLithuania
51.4%
MenSerbia
44.4%
WomenSerbia
44.4%
MenYugoslavia
42.3%
WomenYugoslavia
42%
MenCroatia
38.7%
WomenSouth Korea
31%
MenCuba
28.9%
WomenBulgaria
12.1%
MenUruguay
11.4%
WomenUnified Team
5.7%

You're not logged in!

Compare scores with friends on all Sporcle quizzes.
OR
Log In

Sporcle TV

Today on Sporcle TV


Watch our educational content, quiz creation guides, and fun videos on Sporcle TV.

Show Comments

Extras

Top Quizzes Today


Score Distribution

Your Account Isn't Verified!

In order to create a playlist on Sporcle, you need to verify the email address you used during registration. Go to your Sporcle Settings to finish the process.

Report this User

Report this user for behavior that violates our Community Guidelines.

Details: